Llibre d'estil per als butlletins informatius electrònics
Descripción Física:
19 p. ; 15 cm
MARC
| LEADER | 00000nam a2200000Ia 4500 | ||
|---|---|---|---|
| 001 | 22206 | ||
| 008 | 160829s2009 xx 000 0 cat d | ||
| 080 | |a FU-50-48 | ||
| 245 | |a Llibre d'estil per als butlletins informatius electrònics | ||
| 260 | |a Barcelona : |b Diputació de Barcelona. Àrea de Presidència, |c 2009 | ||
| 300 | |a 19 p. ; |c 15 cm | ||
| 610 | 1 | 0 | |a Barcelona (Catalunya : Província). |b Diputació |9 52408 |
| 650 | |a Revistes electròniques |9 32221 | ||
| 650 | |a Periodisme |x Manuals d'estil |9 45888 | ||
| 710 | |a Barcelona (Catalunya : Província). |b Àrea de Presidència |9 52558 | ||
| 901 | |a Arxiu | ||
| 942 | |n 1 | ||
| 952 | |0 0 |1 0 |4 0 |6 FU5048 |7 1 |9 44864 |a Arxiu |b Arxiu |d 2016-12-01 |l 0 |o FU-50-48 |p 22206 |r 2016-12-01 00:00:00 |w 2016-12-01 |y ARXIU | ||
| 999 | |c 47462 |d 47462 | ||